| 000 | 00592nam a22002297a 4500 | ||
|---|---|---|---|
| 003 | OSt | ||
| 005 | 20140310182938.0 | ||
| 008 | 130201t xxu||||| |||| 00| 0 eng d | ||
| 020 | _a9712344975 | ||
| 050 |
_aLB 1028 _b.D278 2006 |
||
| 082 |
_aFIL 808.5 _bAb9 2009 |
||
| 245 |
_aMethods of research _cDe Ocampo-Acero, Victorina, Leuterio, Florida C. |
||
| 260 |
_aManila _bRex Book Store _cc2006 |
||
| 300 |
_a151 p. _c22 cm. |
||
| 521 | _aCollege | ||
| 526 | _c1210L-1700L | ||
| 541 | _j1 | ||
| 541 | _j2 | ||
| 541 | _j3 | ||
| 562 | _e3 | ||
| 942 |
_2lcc _cBK _kFIL |
||
| 999 |
_c17657 _d17657 |
||